000
00323nam a2200145Ia 4500
003
IN-BaIIA
008
211028s9999 xx 000 0 eng d
040
_c
IIA Library
080
_a
531.5
_b
SIN
100
_a
Sinha, T. A. K
_9
37416
245
0
_a
Gravity
_c
T. A. K Sinha
260
_c
2020
300
_a
292p.
942
_c
BK
999
_c
19566
_d
19566